SSRN (Record no. 292862)
[ view plain ]
| 000 -LEADER | |
|---|---|
| fixed length control field | 00353nam a2200097Ia 4500 |
| 008 - FIXED-LENGTH DATA ELEMENTS--GENERAL INFORMATION | |
| fixed length control field | 160329s9999 xx 000 0 und d |
| 245 ## - TITLE STATEMENT | |
| Title | SSRN |
| 500 ## - GENERAL NOTE | |
| General note | It has material from across a broad range of the social sciences and is one of the largest OA repositories in the world. |
| 650 ## - SUBJECT ADDED ENTRY--TOPICAL TERM | |
| Topical term or geographic name as entry element | Social sciences -- research. |
| 856 ## - ELECTRONIC LOCATION AND ACCESS | |
| Uniform Resource Identifier | <a href="http://www.ssrn.com/en/">http://www.ssrn.com/en/</a> |
| Withdrawn status | Lost status | Damaged status | Home library | Current library | Date acquired | Total Checkouts | Date last seen | Price effective from | Koha item type |
|---|---|---|---|---|---|---|---|---|---|
| College Library | College Library | 03/29/2016 | 03/29/2016 | 03/29/2016 | Easy Reading |